O Livro das Aldravias (Record no. 184005)
[ view plain ]
| 000 -LEADER | |
|---|---|
| campo de control de longitud fija | 00955nam a2200265 i 4500 |
| 001 - NÚMERO DE CONTROL | |
| campo de control | 184005 |
| 003 - IDENTIFICADOR DE NÚMERO DE CONTROL | |
| campo de control | ES-MaACL |
| 005 - FECHA Y HORA DE LA ÚLTIMA TRANSACCIÓN | |
| campo de control | 20240425112119.0 |
| 008 - DATOS DE LONGITUD FIJA--INFORMACIÓN GENERAL | |
| campo de control de longitud fija | 150209s20122013bl cp |||| |dpor d |
| 020 ## - NÚMERO INTERNACIONAL ESTÁNDAR DEL LIBRO | |
| Número Internacional Estándar del Libro | 978-85-89269-53-7 |
| 080 ## - NÚMERO DE LA CLASIFICACIÓN DECIMAL UNIVERSAL | |
| Número de la Clasificación Decimal Universal | 821.134.3(81)-1"19/20"(082.2) |
| 245 02 - MENCIÓN DEL TÍTULO | |
| Título | O Livro das Aldravias |
| Resto del título | : (nova forma-nova poesia) / |
| Mención de responsabilidad, etc. | organizadores: Andreia Donadon Leal, Gabriel Bicalho, J.B. Donadon-Leal. J.S. Ferreira. |
| 250 ## - MENCION DE EDICION | |
| Mención de edición | 1ª ed. |
| 260 ## - PUBLICACIÓN, DISTRIBUCIÓN, ETC. | |
| Lugar de publicación, distribución, etc. | Mariana-MG [Brasil] : |
| Nombre del editor, distribuidor, etc. | Aldrava Letras e Artes, |
| Fecha de publicación, distribución, etc. | 2012. |
| 300 ## - DESCRIPCIÓN FÍSICA | |
| Extensión | 272 p. : |
| Otras características físicas | il., retr. ; |
| Dimensiones | 22 cm. |
| 490 1# - MENCIÓN DE SERIE | |
| Mención de serie | Aldravias ; |
| Designación de volumen o secuencia | 1224 |
| 500 ## - NOTA GENERAL | |
| Nota general | Índice. |
| 650 #7 - PUNTO DE ACCESO ADICIONAL DE MATERIA--TÉRMINO DE MATERIA | |
| Término de materia o nombre geográfico como elemento de entrada | Poesía brasileña- |
| Subdivisión cronológica | S.XXI |
| Fuente del encabezamiento o término | |
| 9 (RLIN) | 154192 |
| 700 1# - ENTRADA AGREGADA--NOMBRE PERSONAL | |
| Nombre de persona | Leal, Andreia Donadon. |
| 9 (RLIN) | 156378 |
| 700 1# - ENTRADA AGREGADA--NOMBRE PERSONAL | |
| Nombre de persona | Donadon-Leal, J. B. |
| 9 (RLIN) | 156375 |
| 830 0# - PUNTO DE ACCESO ADICIONAL DE SERIE-TÍTULO UNIFORME | |
| Título uniforme | Aldravias ; |
| Designación de volumen o secuencia | 1224 |
| 9 (RLIN) | 192022 |
| 852 ## - LOCALIZACIÓN | |
| Ubicación | ES-MaACL |
| Número de control de estantería | A-13366 |
| itemnumber | 190970 |
| Sublocalización o colección | R.150127 |
| Ubicación en estantería | Depósito 1 |
| Signatura antigua | Olim: N-6366 |
| 942 ## - ELEMENTOS DE ENTRADA SECUNDARIOS (KOHA) | |
| Fuente del sistema de clasificación o colocación | Clasificación decimal universal |
| Tipo de ítem Koha | Libro impreso |
| Estatus retirado | Estado de pérdida | Fuente del sistema de clasificación o colocación | Estado de daño | No para préstamo | Biblioteca de origen | Biblioteca actual | Ubicación en estantería | Fecha de adquisición | Fuente de adquisición | Total de préstamos | Signatura topográfica completa | Código de barras | Visto por última vez | Precio de reemplazo | Tipo de ítem Koha |
|---|---|---|---|---|---|---|---|---|---|---|---|---|---|---|---|
| Clasificación decimal universal | Biblioteca del Ateneo de Madrid | Biblioteca del Ateneo de Madrid | Depósito 1 | 09/02/2015 | Donación | A-13366 | 1193491 | 23/02/2023 | 23/02/2023 | Libro impreso |
